| 000 | 00343nam a2200145Ia 4500 | ||
|---|---|---|---|
| 005 | 20251222144727.0 | ||
| 008 | 251222s9999||||xx |||||||||||||| ||spa|| | ||
| 020 | _a0-536-96868-3 | ||
| 082 | _a338.5/R17 | ||
| 100 | _aRagan, Christopher T. S. | ||
| 245 | 0 | _aMicroeconomics | |
| 250 | _a2a.ed. | ||
| 264 | _bPearson Educación | ||
| 942 | _cLIB | ||
| 999 |
_c18438 _d18438 |
||